000 00446nam a2200157Ia 4500
008 210716s2012 xx 000 0 und d
020 _a9788132205289
041 _aeng
082 _a004.6005 CASS
100 _aCasteleyn, Sven; Daniel, Florian; Dolog, Peter; Matera, Maristella.
245 _aEngineering web applications.
250 _a1
260 _aNew Delhi
_bSpringer
_c2012
300 _axiii,349
650 _aWeb Design & Development
999 _c194403
_d194403